=LDR 00000nam 2200000 4500 =001 INLIS000000000048782 =005 20200511081515 =035 ##$$a 0010-011700000000063 =008 200511################g##########0#ind## =020 ##$$a `978-979-3036-80-9 =040 ##$$a NBPDMAT =082 ##$$a 2x4.15 =090 ##$$a 217 .415 $b Abd m =100 1#$$a Almukatti =245 1#$$a Menjaga kemabruran saat anda berhaji dan umrah /$c Abdurrahman AL - Mukatti =260 ##$$a Jakarta :$b Darul Falah,$c 2008 =300 ##$$a xii, 240 hlm . ; $c 15 x 14 cm. =650 #4$$a Haji =084 ##$$a 2x4.15 ALM m =250 ##$$a cet.1 =990 ##$$a 21601400 =990 ##$$a 21601401 =990 ##$$a 21601402 =990 ##$$a 21601403 =990 ##$$a 21601404 =990 ##$$a 2101306 =990 ##$$a 2101305 =990 ##$$a 2101308 =990 ##$$a 1201000657